Name Every Kendrick Lamar Song EVER [2004 - 2025] - Statistics

General Stats
  • This quiz has been taken 23 times
  • The average score is 63 of 232
Answer Stats
Kendrick Lamar songs % Correct
DNA.
80%
luther
80%
PRIDE.
80%
All the Stars
73%
DUCKWORTH.
73%
gnx
73%
good kid
73%
HUMBLE.
73%
i
73%
LOVE.
73%
m.A.A.d city
73%
Not Like Us
73%
Real
73%
Sherane a.k.a Master Splinter's Daughter
73%
Sing About Me, I'm Dying of Thirst
73%
u
73%
Wesley's Theory
73%
BLOOD.
67%
euphoria
67%
family ties
67%
FEEL.
67%
LOYALTY.
67%
LUST.
67%
Money Trees
67%
Mortal Man
67%
The Recipe
67%
XXX.
67%
A.D.H.D.
60%
Alright
60%
Compton
60%
GOD.
60%
Hol' Up
60%
Institutionalized
60%
King Kunta
60%
King's Dead
60%
Momma
60%
N95
60%
Poetic Justice
60%
Purple Hearts
60%
squabble up
60%
The Heart Part 5
60%
These Walls
60%
tv off
60%
United in Grief
60%
wacced out murals
60%
We Cry Together
60%
YAH.
60%
Backseat Freestyle
53%
Bitch, Don't Kill My Vibe
53%
Die Hard
53%
dodger blue
53%
Father Time
53%
FEAR.
53%
For Free? (Interlude)
53%
gloria
53%
hey now
53%
meet the grahams
53%
peekaboo
53%
reincarnated
53%
Savior
53%
You Ain't Gotta Lie (Momma Said)
53%
Black Boy Fly
47%
Black Panther
47%
Complexion (A Zulu Love)
47%
Crown
47%
ELEMENT.
47%
For Sale? (Interlude)
47%
heart pt. 6
47%
How Much a Dollar Cost
47%
man at the garden
47%
Mr. Morale
47%
Rigamortus
47%
Swimming Pools (Drank) [Extended Version]
47%
The Art of Peer Pressure
47%
The Heart, Pt. 2
47%
Worldwide Steppers
47%
Ab-Soul's Outro
40%
Auntie Diaries
40%
Big Shot
40%
Count Me Out
40%
Fuck Your Ethnicity
40%
HiiiPoWeR
40%
Hood Politics
40%
Keisha's Song (Her Pain)
40%
Kush & Corinthians (His Pain)
40%
No Makeup (Her Vice)
40%
Now or Never
40%
Poe Man's Dream (His Vice)
40%
Pray for Me
40%
Rich (Interlude)
40%
Rich Spirit
40%
Savior (Interlude)
40%
The Blacker the Berry
40%
The Heart Pt. 3 (Will You Let It Die?)
40%
The Hillbillies
40%
2014 - 2016
33%
Barbed Wire
33%
Chapter Six
33%
Chapter Ten
33%
Mirror
33%
Mother I Sober
33%
Ronald Reagan Era (His Evils)
33%
Tammy's Song (Her Evils)
33%
The Heart Part 4
33%
Intro (Hova Song)
27%
Intro (Wayne Co-Sign)
27%
Michael Jordan
27%
P & P
27%
P&P 1.5
27%
Silent Hill
27%
Average Joe
20%
Bitch I'm in the Club
20%
Blow My High (Members Only)
20%
H.O.C.
20%
I Do This
20%
I Do This (Remix)
20%
Ignorance Is Bliss
20%
She Needs Me
20%
She Needs Me (Remix)
20%
The Spiteful Chant
20%
Alien Girl (Today With Her)
13%
A Milli
13%
County Building Blues
13%
Cut You Off (To Grow Closer)
13%
Drop It Like It's Hot
13%
Growing Apart (To Get Closer)
13%
Night of the Living Junkies
13%
Opposites Attract (Tomorrow Without Her)
13%
R.O.T.C. (Interlude)
13%
Welcome to C4
13%
05.28.2013
7%
06.23.2014
7%
06.30.2014
7%
08.14.2014
7%
08.19.2014
7%
09.06.2014
7%
09.21.2014
7%
Biggie
7%
Black Friday
7%
Cali's Finest
7%
Can't Be Faded
7%
Cartoon + Cereal
7%
Celebration
7%
Compton Chemistry
7%
Dead Presidents III
7%
Enjoy Life
7%
Faith
7%
Famous Pipe Game
7%
G Code
7%
Half Way Crooks
7%
Heaven & Hell
7%
I Am (Interlude)
7%
One Shot Kill
7%
Phone Home
7%
Preach
7%
Smooth Operator
7%
Take Off Your Pants
7%
The Mantra
7%
Top Dawg Ent
7%
Trip
7%
Wanna Be Heard
7%
3 Minutes of Watts
0%
6'7' Freestyle
0%
A Song 4 Buffy
0%
Best Rapper Under 25
0%
Blame God
0%
Blood Sport (Freestyle)
0%
Blow Them Horns
0%
Cloud 10
0%
Compton Life
0%
Death Around the Corner
0%
Determined
0%
DJ Big Mike Intro
0%
DJ Warrior Outro
0%
Dreams
0%
Far From Here
0%
Friend of Mine
0%
Gangsta Party 08
0%
Get Throwed
0%
Go DJ
0%
Good Morning America
0%
Grammy Fam (Freestyle)
0%
G'z and Hustlers
0%
Hard Body
0%
Hovi Baby
0%
How We Do
0%
Hpnotiq
0%
I Ain't No Joke
0%
I Feel It (Freestyle)
0%
I'm a G (Freestyle)
0%
Imagine
0%
Industry N****s (Skit)
0%
Interview with DJ Dave Part 1
0%
Interview with DJ Dave Part 2
0%
Interview with DJ Dave Part 3
0%
Interview with DJ Dave Part 4
0%
Interview with DJ Dave Part 5
0%
Is It Love
0%
It Ain't Hard 2 Tell
0%
J. Dilla (Freestyle)
0%
Kick in the Door
0%
Let Me Be Me
0%
Look Out for Detox
0%
Man of the Hour
0%
Misunderstood
0%
Mr. Carter 2
0%
My People
0%
Never Die
0%
New Pimpin
0%
OG Julio G
0%
Play With Fire
0%
Prototype
0%
Put That on Somethin
0%
Rapper Shit
0%
Ride Up
0%
Sex With Society
0%
Shot Down
0%
Still Hustlin'
0%
Thanksgiving
0%
The Best Rapper Alive
0%
The Jig Is Up (Dump'n)
0%
The Real Hip Hop (Ab-Soul Freestyle)
0%
The Show
0%
Two Presidents
0%
Uncle Bobby & Jason Keaton
0%
Vanity Slave Pt 2
0%
Vanity Slaves
0%
West Coast Wu-Tang
0%
Westside, Right on Time
0%
What the Deal
0%
Who Shot Ya (Freestyle)
0%
Young and Black
0%
No matching quizzes found
Score Distribution
Percent of People with Each Score
Percentile by Number Answered
Your Score History
You have not taken this quiz